000 00442nam a2200181Ia 4500
001 1182
005 20260306140613.0
008 260306t1998||||xx |||||||||||||| ||spa||
041 _aESP
082 _a188
_bS38A
100 _aSéneca
_eAUT
245 0 _aInvitación a la serenidad:
_blecciones para el hombre ocupado
260 _c1998
300 _a116 páginas :
_c20 cm.
650 _aGEN
654 _aCHU
942 _cLIB
_dJUS
_fJUS
_2ddc
_n
999 _c1182
_d1182